000 00737nab a2200229 a 4500
005 20210219161717.0
008 991125s1985 mx 000 0 spa u
035 _aUPN01000190583
100 1 _aDávila Balsera, Paulí
100 1 _upauli.davila@ehu.es
222 _aREVISTA DE CIENCIAS DE LA EDUCACION
245 _aEl patrimonio histórico-educativo de la enseñanza privada : el caso de los hermanos de La Salle
260 _aMadrid, España
300 _a289-302
362 0 _a2012 Nos. 231-232, jul.-dic.
653 0 _aPATRIMONIO HISTORICO EDUCATIVO
653 0 _aEDUCACION PRIVADA
653 0 _aMUSEO ESCOLAR
700 1 _aNaya Garmendia, Luis María,
_ecoaut.
700 1 _uluisma.naya@ehu.es
905 _aArticulo
999 _c162686
_d162686